Bring mich zur Küste! - Statistiken

Allgemein
  • Dieses Quiz wurde 269 mal gespielt
  • Das Durchschnittsergebnis liegt bei 14 aus 15
Antwortstatistiken
Binnenstaat Küstenstaat % Korrekt
Nepal China | Indien
100%
Vatikanstadt Italien
100%
Belarus Lettland | Litauen | Polen | Russland | Ukraine
100%
Mongolei China | Russland
99%
San Marino Italien
99%
Moldawien Rumänien | Ukraine
99%
Bolivien Argentinien | Brasilien | Chile | Peru
98%
Kasachstan China | Russland
98%
Tschechien Deutschland | Polen
98%
Österreich Deutschland | Slowenien | Italien
98%
Schweiz Frankreich | Deutschland | Italien
98%
Aserbaidschan Georgien | Iran | Russland | Türkei
98%
Armenien Georgien | Iran | Türkei
98%
Lesotho Südafrika
98%
Afghanistan China | Iran | Pakistan
97%
Südsudan Demokratische Republik Kongo | Äthiopien | Kenia | Sudan
97%
Ungarn Kroatien | Rumänien | Slowenien | Ukraine
97%
Eswatini Mosambik | Südafrika
97%
Sambia Angola | Demokratische Republik Kongo | Mosambik | Namibia | Tansania
96%
Paraguay Argentinien | Brasilien
96%
Luxemburg Belgien | Frankreich | Deutschland
96%
Serbien Bosnien und Herzegowina | Bulgarien | Kroatien | Montenegro | Rumänien
96%
Tschad Kamerun | Libyen | Nigeria | Sudan
96%
Kosovo Albanien | Montenegro
95%
Äthiopien Dschibuti | Eritrea | Kenia | Somalia | Sudan
95%
Andorra Frankreich | Spanien
95%
Laos Kambodscha | China | Myanmar | Thailand | Vietnam
95%
Nordmazedonien Albanien | Bulgarien | Griechenland
94%
Bhutan China | Indien
94%
Botswana Namibia | Südafrika
94%
Niger Algerien | Benin | Libyen | Nigeria
93%
Uganda Demokratische Republik Kongo | Kenia | Tansania
93%
Kirgisistan China
92%
Ruanda Demokratische Republik Kongo | Tansania
92%
Mali Algerien | Guinea | Elfenbeinküste | Mauretanien | Senegal
91%
Zentralafrikanische Republik Kamerun | Demokratische Republik Kongo | Republik Kongo | Sudan
91%
Slowakei Polen | Ukraine
91%
Malawi Mosambik | Tansania
90%
Simbabwe Mosambik | Südafrika
89%
Burundi Demokratische Republik Kongo | Tansania
88%
Burkina Faso Benin | Ghana | Elfenbeinküste | Togo
87%
Turkmenistan Iran
86%
Tadschikistan China
80%
Keine übereinstimmenden Quizze gefunden
Verteilung der Resultate
Anzahl Personen mit jedem Resultat
Perzentil nach korrekt beantworteten Fragen
Ihre Resultats-Entwicklung
Sie haben dieses Quiz noch nicht gespielt